Ethnic identity in urban Europe
Αποθηκεύτηκε σε:
| Άλλοι συγγραφείς: | |
|---|---|
| Μορφή: | Βιβλίο |
| Γλώσσα: | English |
| Δημοσίευση: |
Dartmouth :
New York University Press,
c1992.
|
| Σειρά: | Comparative studies on governments and non-dominant ethnic groups in Europe, 1850-1940 ;
8 |
| Θέματα: | |
| Ετικέτες: |
Προσθήκη ετικέτας
Δεν υπάρχουν, Καταχωρήστε ετικέτα πρώτοι!
|
MARC
| LEADER | 00000cam a2200000 i 4500 | ||
|---|---|---|---|
| 001 | 1/1109 | ||
| 008 | 000417s1992 nyu| ||| |||| ||eng|| | ||
| 020 | |a 1855211289 | ||
| 035 | |l 10059898 | ||
| 040 | |a GR-MyUa |b gre |e AACR2 | ||
| 041 | 0 | |a eng | |
| 082 | 7 | |a 305.80094091732 |2 (22) | |
| 245 | 0 | 0 | |a Ethnic identity in urban Europe / |c edited by M. Engman in collaboration with F. W. Carter, A. C. Hepburn, and C. G. Pooley. |
| 260 | |a Dartmouth : |b New York University Press, |c c1992. | ||
| 300 | |a xxviii, 440 σ. ; |c 25 εκ. | ||
| 490 | 1 | |a (Comparative studies on governments and non-dominant ethnic groups in Europe, 1850-1940 ; |v 8) | |
| 500 | |a Published for the European Science Foundation. | ||
| 504 | |a Περιλαμβάνει βιβλιογραφικές παραπομπές. | ||
| 650 | 0 | 0 | |a Ethnicity |z Europe. |
| 650 | 0 | 0 | |a Sociology, Urban |z Europe. |
| 700 | 1 | |a Engman, Max, |e edt | |
| 830 | 0 | |a Comparative studies on governments and non-dominant ethnic groups in Europe, 1850-1940 ; |v 8 | |
| 852 | |a INST |b LESVOS |e 20000417 |h 305.80094091732 ETH |p 005100020142 |q 005100020142 |t BK |y 0 | ||
| 901 | |a BIBL1-2000-1 | ||
| 922 | |a 1ΕΛΗ |b 200002 |c ΚΠΣ/ΤΚ |d GLORY | ||
| 950 | |a 103-1999-12-8 | ||
| 970 | |a ΤΖΑΦΕΡΗ |b ΕΥΑΓΓΕΛΙΑ |z 2000/04/08 | ||